[Event "Bundesliga 9596"]
[Site "Germany"]
[Date "1996.??.??"]
[Round "?"]
[White "Palkovi, Jozsef"]
[Black "Conquest, Stuart"]
[Result "0-1"]
[WhiteElo "2470"]
[BlackElo "2455"]
[PlyCount "84"]
[EventDate "1995.10.??"]
[Source "ChessBase"]
[SourceDate "1999.07.01"]

1. e4 e5 2. Nf3 Nc6 3. Nc3 Nf6 4. d4 Bb4 5. Nxe5 O-O 6. Qd3 Re8 7. Bd2 d5 8. Nxc6 bxc6 9. e5 c5 10. O-O-O Ng4 11. Be1 c6 12. f4 f6 13. h3 Nh6 14. g4 Nf7 15. Bg2 Rb8 16. Na4 cxd4 17. Qxd4 fxe5 18. fxe5 Bf8 19. Bc3 Qg5+ 20. Kb1 Nxe5 21. Rhe1 Nc4 22. Ka1 Ne3 23. Rd2 Bxg4 24. hxg4 Nxg2 25. Rg1 Re4 26. Qf2 Ne3 27. b3 Ba3 28. Nb2 Rf8 29. Qe2 Nxc2+ 30. Rxc2 Rxe2 31. Rxe2 Bc5 32. Rge1 Qxg4 33. Nd3 Bd4 34. Kb2 Bxc3+ 35. Kxc3 d4+ 36. Kc2 h6 37. Re4 Qg2+ 38. R1e2 Qf3 39. Re7 Rf7 40. Re8+ Kh7 41. R8e4 c5 42. Ne5 Qc3+ 0-1

[Event "Philidor Memorial"]
[Site "Paris FRA"]
[Date "1995.??.??"]
[Round "7"]
[White "Marciano, David"]
[Black "Rausis, Igors"]
[Result "1/2-1/2"]
[WhiteElo "2430"]
[BlackElo "2495"]
[PlyCount "127"]
[EventDate "1995.12.??"]
[Source "www.chesslib.no"]
[SourceDate "2004.05.04"]

1. e4 e5 2. Nf3 Nc6 3. Nc3 Nf6 4. d4 Bb4 5. Nxe5 Bxc3+ 6. bxc3 Qe7 7. Bf4 d6 8. Nxc6 Qxe4+ 9. Qe2 bxc6 10. Qxe4+ Nxe4 11. c4 Bf5 12. f3 Nf6 13. Kd2 Rb8 14. Kc3 h5 15. Be2 Kd7 16. Rhb1 Rhe8 17. Bf1 Nh7 18. Bd2 Nf8 19. Rxb8 Rxb8 20. c5 Nh7 21. cxd6 cxd6 22. Bc1 Nf6 23. a3 Nd5+ 24. Kd2 Nf4 25. Ra2 Kc7 26. Rb2 Re8 27. Rb3 Be6 28. c4 Bd7 29. Bb2 f6 30. Bc3 c5 31. Ba5+ Kc8 32. d5 g5 33. Re3 Ng6 34. Bc3 Ne5 35. g3 g4 36. Be2 gxf3 37. Bxe5 fxe2 38. Bc3 Rxe3 39. Kxe3 Bg4 40. h3 Bxh3 41. Kxe2 f5 42. Bd2 Bg4+ 43. Kd3 Bd1 44. Bf4 Kc7 45. Kc3 Be2 46. Kb3 a5 47. Kc3 a4 48. Bg5 Kd7 49. Bf4 Bf1 50. Bg5 Ke8 51. Bf4 Ke7 52. Bg5+ Kf7 53. Bf4 Ke7 54. Bg5+ Kd7 55. Bf4 Be2 56. Bg5 Ke8 57. Bf4 Ke7 58. Bg5+ Kd7 59. Bf4 Bf3 60. Bg5 Ke8 61. Bf4 Ke7 62. Bg5+ Kd7 63. Bf4 Be4 64. Bg5 1/2-1/2

[Event "Mlada Boleslav Open"]
[Site "Mlada Boleslav CZE"]
[Date "1992.??.??"]
[Round "7"]
[White "Pugachov, Alexey"]
[Black "Smejkal, Jan"]
[Result "1-0"]
[WhiteElo "2385"]
[BlackElo "2525"]
[PlyCount "79"]
[EventDate "1992.??.??"]
[Source "www.chesslib.no"]
[SourceDate "2004.05.04"]

1. e4 e5 2. Nf3 Nc6 3. Nc3 Nf6 4. d4 Bb4 5. Nxe5 Qe7 6. Nxc6 Qxe4+ 7. Be2 Bxc3+ 8. bxc3 dxc6 9. O-O O-O 10. Rb1 Re8 11. Bd3 Qh4 12. Qf3 Bg4 13. Qf4 Nd5 14. Qd2 b5 15. a4 a6 16. c4 bxc4 17. Bxc4 Qh5 18. Re1 Rxe1+ 19. Qxe1 h6 20. Bf1 a5 21. Rb7 Bf5 22. c4 Nb4 23. Rxc7 Qg6 24. Bd2 Qd6 25. Qe7 Qxe7 26. Rxe7 Bc2 27. Rb7 Bxa4 28. Bxb4 axb4 29. Rxb4 Bc2 30. f3 Ra1 31. Kf2 Ra2 32. Kg3 Bf5 33. Rb6 Rd2 34. Kf4 g6 35. Ke3 Rd1 36. Be2 Ra1 37. Rxc6 Ra3+ 38. Kf2 Ra2 39. g4 Bd7 40. Rc7 1-0

[Event "UZB Ch"]
[Site "Uzbekistan"]
[Date "1993.??.??"]
[Round "4"]
[White "Nadyrhanov, Sergey"]
[Black "Ziatdinov, Raset"]
[Result "1-0"]
[WhiteElo "2450"]
[BlackElo "2455"]
[PlyCount "33"]
[EventDate "1993.??.??"]
[Source "www.chesslib.no"]
[SourceDate "2004.05.04"]

1. e4 e5 2. Nf3 Nc6 3. Nc3 Nf6 4. d4 Bb4 5. Nxe5 Nxe4 6. Qg4 Nxc3 7. Qxg7 Rf8 8. a3 Nxd4 9. axb4 Nxc2+ 10. Kd2 Nxa1 11. Kxc3 a5 12. Bc4 Qe7 13. Re1 Qxb4+ 14. Kd3 Qd6+ 15. Ke2 Qe7 16. Kd1 d5 17. Bb5+ 1-0

[Event "Bishkek zt"]
[Site "Bishkek"]
[Date "1993.??.??"]
[Round "?"]
[White "Nadyrhanov, Sergey"]
[Black "Safin, Shukhrat"]
[Result "1-0"]
[WhiteElo "2450"]
[BlackElo "2455"]
[PlyCount "87"]
[EventDate "1993.03.??"]
[Source "ChessBase"]

1. e4 e5 2. Nf3 Nc6 3. Nc3 Nf6 4. d4 Bb4 5. Nxe5 Nxe4 6. Qg4 Nxc3 7. Qxg7 Rf8 8. a3 Ba5 9. Nxc6 dxc6 10. Qe5+ Qe7 11. Qxe7+ Kxe7 12. Bd2 Bf5 13. bxc3 Bxc2 14. c4 Bxd2+ 15. Kxd2 Bg6 16. h4 h6 17. Rh3 Rad8 18. Kc3 Rfe8 19. Re1+ Kf8 20. Rhe3 Rxe3+ 21. Rxe3 Re8 22. Rxe8+ Kxe8 23. Bd3 Bxd3 24. Kxd3 Ke7 25. Ke4 Ke6 26. g4 f6 27. f4 a5 28. a4 Kd6 29. c5+ Ke6 30. Ke3 b5 31. cxb6 cxb6 32. Kd3 b5 33. axb5 cxb5 34. h5 a4 35. g5 a3 36. Kc2 a2 37. Kb2 fxg5 38. fxg5 hxg5 39. d5+ Kf7 40. h6 g4 41. h7 Kg7 42. d6 g3 43. d7 g2 44. h8=Q+ 1-0

[Event "XI Festival"]
[Site "Voronezh RUS"]
[Date "2007.06.20"]
[Round "8"]
[White "Yandemirov, V."]
[Black "Provotorov, I."]
[Result "1/2-1/2"]
[WhiteElo "2515"]
[BlackElo "2382"]
[PlyCount "37"]
[EventDate "2007.06.12"]
[Source "www.chesslib.no"]
[SourceDate "2004.05.04"]

1. e4 e5 2. Nf3 Nc6 3. Nc3 Nf6 4. d4 Bb4 5. Nxe5 O-O 6. Qd3 Re8 7. Bd2 Nxd4 8. Qxd4 c5 9. Qd3 Rxe5 10. O-O-O d5 11. Nxd5 Nxd5 12. Bxb4 cxb4 13. exd5 Bf5 14. Qd2 Rc8 15. Bd3 b3 16. axb3 Rxd5 17. Kb1 Bxd3 18. cxd3 Qb6 19. Rhe1 1/2-1/2

[Event "FRA Ch"]
[Site "Chambery"]
[Date "1994.??.??"]
[Round "?"]
[White "Santo Roman, Marc"]
[Black "Sharif, Mershad"]
[Result "1-0"]
[WhiteElo "2440"]
[BlackElo "2455"]
[PlyCount "39"]
[EventDate "1994.08.??"]
[Source "www.chesslib.no"]
[SourceDate "2004.05.04"]

1. e4 e5 2. Nf3 Nc6 3. Nc3 Nf6 4. d4 Bb4 5. Nxe5 Nxe4 6. Qg4 Nxc3 7. Qxg7 Rf8 8. a3 Nxd4 9. axb4 Nxc2+ 10. Kd2 Nxa1 11. Kxc3 a5 12. Bc4 Qe7 13. Re1 d5 14. Bb5+ c6 15. Nxc6 Qxe1+ 16. Bd2 Qe4 17. Nb8+ Ke7 18. Bg5+ Kd6 19. Qxf8+ Ke5 20. Qe7+ 1-0

[Event "It (Open) Deizisau GER"]
[Site "?"]
[Date "2006.04.??"]
[Round "3"]
[White "Schafranietz Sebastian"]
[Black "Slobodjan Roman"]
[Result "0-1"]
[WhiteElo "2364"]
[BlackElo "2523"]
[PlyCount "64"]
[EventDate "2006.??.??"]
[Source "www.chesslib.no"]
[SourceDate "2004.05.04"]

1. e4 e5 2. Nf3 Nc6 3. Nc3 Nf6 4. d4 Bb4 5. Nxe5 Bxc3+ 6. bxc3 Qe7 7. Bd3 Nxe5 8. dxe5 Qxe5 9. O-O d6 10. Rb1 Ng4 11. g3 a6 12. Kg2 O-O 13. f3 Nf6 14. c4 Nd7 15. f4 Qe7 16. Qh5 b6 17. Ba3 Bb7 18. Kg1 Bxe4 19. Rbe1 f5 20. Bxe4 fxe4 21. Qd5+ Qf7 22. Qxe4 Nf6 23. Qd4 b5 24. Re3 Qxc4 25. Qxc4+ bxc4 26. Rc3 Ne4 27. Rxc4 Nd2 28. Rxc7 Nxf1 29. Kxf1 Rac8 30. Rb7 Rf7 31. Rb6 Rxc2 32. Rxa6 Rb7 0-1

[Event "San Salvador zt"]
[Site "San Salvador"]
[Date "1998.11.15"]
[Round "9"]
[White "Rohl Montes, Juan"]
[Black "Arencibia, Walter"]
[Result "0-1"]
[WhiteElo "2330"]
[BlackElo "2550"]
[PlyCount "84"]
[EventDate "1998.11.05"]
[Source "ChessBase"]
[SourceDate "1999.01.01"]

1. e4 e5 2. Nf3 Nc6 3. Nc3 Nf6 4. d4 Bb4 5. Nxe5 Nxe4 6. Qg4 Nxc3 7. Qxg7 Rf8 8. a3 Nxd4 9. axb4 Nxc2+ 10. Kd2 Nxa1 11. Kxc3 Qe7 12. Bc4 d5 13. Bb5+ c6 14. Bh6 d4+ 15. Kxd4 cxb5 16. Qxf8+ Qxf8 17. Bxf8 Nc2+ 18. Kc3 Kxf8 19. Kxc2 Bf5+ 20. Kd2 Rd8+ 21. Ke3 f6 22. Nf3 Rd3+ 23. Kf4 Bd7 24. Rc1 Rb3 25. Rc7 Rxb4+ 26. Ke3 Ke8 27. Rxb7 a5 28. Rb6 Ke7 29. Nd2 Rxb2 30. Ne4 a4 31. Nxf6 Be6 32. Ne4 a3 33. Nc5 Bc4 34. Rb7+ Kd6 35. Ne4+ Kc6 36. Ra7 a2 37. Nd2 Bd5 38. f4 Kb6 39. Ra3 b4 40. Ra4 b3 41. f5 Rxd2 42. Kxd2 b2 0-1

[Event "RUS-ch U20"]
[Site "Vladimir"]
[Date "2002.03.09"]
[Round "8"]
[White "Bachin, Vitaly"]
[Black "Geller, Jakov"]
[Result "1/2-1/2"]
[WhiteElo "2459"]
[BlackElo "2417"]
[PlyCount "101"]
[EventDate "2002.03.01"]
[Source "ChessBase"]
[SourceDate "2002.05.03"]

1. e4 e5 2. Nf3 Nc6 3. Nc3 Nf6 4. d4 Bb4 5. Nxe5 O-O 6. Bd3 Nxd4 7. Be3 Ne6 8. O-O d6 9. Nf3 Bxc3 10. bxc3 Ng4 11. Bd2 Qf6 12. Ne1 Nf4 13. Qf3 Ng6 14. Qg3 Qh4 15. Qxh4 Nxh4 16. f4 Ng6 17. Nf3 b6 18. Rae1 Bb7 19. h3 Nf6 20. f5 Ne5 21. Nxe5 dxe5 22. Bg5 Rfd8 23. Bxf6 gxf6 24. Kf2 Rd6 25. Rb1 Kf8 26. a4 Rc6 27. Rb3 a5 28. g4 Ke7 29. Ke3 Ba6 30. Ra3 Bc4 31. Rg1 h6 32. Rg3 Rg8 33. Kd2 Kd6 34. Ra1 Kc5 35. Rb1 Rd6 36. Ke2 Rb8 37. h4 Rg8 38. Ra1 c6 39. Rgg1 Ra8 40. Rgb1 b5 41. Ke3 Rd7 42. Rg1 b4 43. cxb4+ axb4 44. Rgd1 Rad8 45. a5 b3 46. Rab1 bxc2 47. Bxc2 Rxd1 48. Bxd1 Rd3+ 49. Kf2 Ra3 50. Rc1 Ra2+ 51. Kg3 1/2-1/2

[Event "Jyvaskyla Open"]
[Site "Jyvaskyla FIN"]
[Date "1993.??.??"]
[Round "9"]
[White "Vetemaa, Juri"]
[Black "Hector, Jonny"]
[Result "0-1"]
[WhiteElo "2385"]
[BlackElo "2470"]
[PlyCount "44"]
[EventDate "1993.07.??"]
[Source "www.chesslib.no"]
[SourceDate "2004.05.04"]

1. e4 e5 2. Nf3 Nc6 3. Nc3 Nf6 4. d4 Bb4 5. Nxe5 O-O 6. Qd3 Re8 7. Bd2 Nxe5 8. dxe5 Rxe5 9. O-O-O d6 10. f3 Qe8 11. g4 Be6 12. g5 Nd7 13. h4 Ra5 14. f4 Bxa2 15. Nxa2 Nc5 16. Qc4 Bxd2+ 17. Rxd2 b5 18. Qd5 c6 19. Bxb5 Rxb5 20. Qd4 Ra5 21. Kb1 Ra4 22. c4 Nb3 0-1

[Event "Leutersdorf op 6th"]
[Site "?"]
[Date "2001.02.15"]
[Round "8"]
[White "Hoffmann Hendrik"]
[Black "Slobodjan Roman"]
[Result "0-1"]
[WhiteElo "2320"]
[BlackElo "2532"]
[PlyCount "54"]
[EventDate "2001.??.??"]
[Source "www.chesslib.no"]
[SourceDate "2004.05.04"]

1. e4 e5 2. Nf3 Nc6 3. Nc3 Nf6 4. d4 Bb4 5. Nxe5 Bxc3+ 6. bxc3 Qe7 7. Bd3 Nxe5 8. dxe5 Qxe5 9. O-O b6 10. Rb1 Bb7 11. c4 d6 12. Bb2 Qg5 13. f4 Qc5+ 14. Kh1 O-O-O 15. Qf3 Rde8 16. Qh3+ Kb8 17. e5 Ne4 18. Bxe4 Bxe4 19. Ba3 Qxc4 20. exd6 cxd6 21. Bxd6+ Ka8 22. Rfc1 Bb7 23. a4 Re2 24. Rg1 Rhe8 25. Be5 f6 26. Qd7 Bc6 27. Qd4 Qa6 0-1

[Event "POL Team Ch"]
[Site "Lubniewice POL"]
[Date "1993.??.??"]
[Round "?"]
[White "Chekhov, Valery A"]
[Black "Murdzia, Piotr"]
[Result "1/2-1/2"]
[WhiteElo "2480"]
[BlackElo "2365"]
[PlyCount "51"]
[EventDate "1993.??.??"]
[Source "www.chesslib.no"]
[SourceDate "2004.05.04"]

1. e4 e5 2. Nf3 Nc6 3. Nc3 Nf6 4. d4 Bb4 5. Nxe5 Qe7 6. Qd3 Nxe5 7. dxe5 Qxe5 8. Bd2 O-O 9. O-O-O d6 10. f4 Qe7 11. Re1 Re8 12. Qg3 Bd7 13. Bd3 Bc6 14. Kb1 Qf8 15. e5 Nd7 16. Re3 h6 17. a3 Bc5 18. Re2 Bd4 19. Rhe1 Nc5 20. Bc4 dxe5 21. fxe5 Rad8 22. Rf1 Ne6 23. Rf6 Bxc3 24. Bxc3 Rd1+ 25. Ka2 Qc5 26. b3 1/2-1/2

[Event "Odense"]
[Site "Odense"]
[Date "1993.??.??"]
[Round "4"]
[White "Christensen, Tobias"]
[Black "Plachetka, Jan"]
[Result "1-0"]
[WhiteElo "2375"]
[BlackElo "2450"]
[PlyCount "80"]
[EventDate "1993.??.??"]
[Source "ChessBase"]

1. e4 e5 2. Nf3 Nc6 3. Nc3 Nf6 4. d4 Bb4 5. Nxe5 O-O 6. Qd3 Re8 7. Bd2 Nxe5 8. dxe5 Rxe5 9. O-O-O d6 10. f3 Bd7 11. a3 Bc5 12. Bf4 Re8 13. g4 b5 14. Nxb5 Rb8 15. Nd4 a5 16. Nb3 Bb6 17. Qc3 a4 18. Nd4 c5 19. Nf5 Ba5 20. Qc4 Qb6 21. Qa2 Be6 22. c4 Bxf5 23. gxf5 Qa7 24. Rg1 Nh5 25. Be3 Bd8 26. Bg5 Rb3 27. Bxd8 Rxd8 28. Rd3 Qa5 29. Kd1 Rdb8 30. Rxb3 Rxb3 31. Qb1 Qc3 32. bxc3 Rxb1+ 33. Kc2 Ra1 34. Kb2 Re1 35. Rg5 Nf4 36. Rg4 Rxf1 37. Rxf4 Rf2+ 38. Kb1 Rxh2 39. f6 h5 40. Rf5 g6 1-0

[Event "Seversk"]
[Site "?"]
[Date "1997.??.??"]
[Round "4"]
[White "Frolov Denis"]
[Black "Yurtaev Leonid"]
[Result "1/2-1/2"]
[WhiteElo "2330"]
[BlackElo "2495"]
[PlyCount "89"]
[EventDate "1997.??.??"]
[Source "www.chesslib.no"]
[SourceDate "2004.05.04"]

1. e4 e5 2. Nf3 Nc6 3. Nc3 Nf6 4. d4 Bb4 5. Nxe5 O-O 6. Qd3 Re8 7. Bd2 Nxe5 8. dxe5 Rxe5 9. O-O-O d6 10. f3 a5 11. a3 Bc5 12. Bf4 Re8 13. Bg5 h6 14. Bh4 g5 15. Be1 Nd7 16. h4 Ne5 17. Qd2 Be6 18. hxg5 hxg5 19. Rh5 f6 20. Bg3 Kg7 21. Be2 Bf7 22. Rh2 Qe7 23. Nd5 Bxd5 24. Qxd5 c6 25. Qd2 a4 26. Rdh1 Rh8 27. Rxh8 Rxh8 28. Rxh8 Kxh8 29. Qa5 Ng6 30. Qxa4 Nf4 31. Bxf4 gxf4 32. Kb1 Kg7 33. Qa8 f5 34. Bd3 fxe4 35. Bxe4 d5 36. Bd3 Qd7 37. Qb8 Bd6 38. Qa7 Qe7 39. Qg1 Kf7 40. Qh1 Ke8 41. Qh8+ Kd7 42. Bf5+ Kc7 43. Qc8+ Kb6 44. Qa8 Qe2 45. Bc8 1/2-1/2

[Event "ESP-ch op"]
[Site "Ayamonte"]
[Date "2002.10.08"]
[Round "5"]
[White "Fernandez Romero, Ernesto"]
[Black "Candela Perez, Jose"]
[Result "1/2-1/2"]
[WhiteElo "2394"]
[BlackElo "2427"]
[PlyCount "77"]
[EventDate "2002.10.04"]
[Source "ChessBase"]
[SourceDate "2002.11.06"]

1. e4 e5 2. Nf3 Nc6 3. Nc3 Nf6 4. d4 Bb4 5. Nxe5 Nxe4 6. Qg4 Nxc3 7. Qxg7 Rf8 8. a3 Ba5 9. Nxc6 dxc6 10. Qe5+ Qe7 11. Qxe7+ Kxe7 12. Bd2 Bf5 13. Bxc3 Bxc3+ 14. bxc3 Bxc2 15. Kd2 Bg6 16. h4 h6 17. Rh3 Kd6 18. Re1 Rae8 19. Rhe3 Rxe3 20. Rxe3 c5 21. Be2 cxd4 22. cxd4 b6 23. h5 Bf5 24. Rg3 Be6 25. Kc3 c5 26. dxc5+ Kxc5 27. Rg7 b5 28. g4 a5 29. g5 b4+ 30. Kb2 hxg5 31. Rxg5+ f5 32. h6 Rh8 33. Rg6 Bd5 34. a4 Kd4 35. Rd6 Ke5 36. Ra6 Kd4 37. Bd1 Be4 38. Bb3 f4 39. Rd6+ 1/2-1/2

[Event "Fuerteventura"]
[Site "Fuerteventura"]
[Date "1992.??.??"]
[Round "?"]
[White "Lezcano Montalvo, Pedro"]
[Black "Flear, Glenn C"]
[Result "1/2-1/2"]
[WhiteElo "2325"]
[BlackElo "2495"]
[PlyCount "70"]
[EventDate "1992.10.??"]
[Source "www.chesslib.no"]
[SourceDate "2004.05.04"]

1. e4 e5 2. Nf3 Nc6 3. Nc3 Nf6 4. d4 Bb4 5. Nxe5 Nxe4 6. Qg4 Nxc3 7. Qxg7 Rf8 8. a3 Ba5 9. Nxc6 dxc6 10. Qe5+ Qe7 11. Qxe7+ Kxe7 12. Bd2 Bf5 13. bxc3 Bxc2 14. c4 Bxd2+ 15. Kxd2 Bf5 16. Bd3 Bxd3 17. Kxd3 Rad8 18. Rhe1+ Kf6 19. Re5 b6 20. Rae1 c5 21. R5e4 Rxd4+ 22. Rxd4 cxd4 23. Kxd4 Rd8+ 24. Kc3 c5 25. Re3 Rd1 26. Rf3+ Kg7 27. Rg3+ Kf8 28. Rd3 Rg1 29. Rg3 h5 30. h3 f6 31. Kb3 Kf7 32. Kc3 Ra1 33. Kb2 Rf1 34. Rf3 h4 35. Kb3 Rb1+ 1/2-1/2

[Event "RUS-Cup04"]
[Site "Samara"]
[Date "2002.07.28"]
[Round "3"]
[White "Krassilnikov, Evgeni"]
[Black "Yandemirov, Valeri"]
[Result "1/2-1/2"]
[WhiteElo "2314"]
[BlackElo "2502"]
[PlyCount "80"]
[EventDate "2002.07.26"]
[Source "ChessBase"]
[SourceDate "2002.09.11"]

1. e4 e5 2. Nf3 Nc6 3. Nc3 Nf6 4. d4 Bb4 5. Nxe5 Bxc3+ 6. bxc3 Qe7 7. Nxc6 Qxe4+ 8. Be2 Qxc6 9. O-O Qxc3 10. Rb1 O-O 11. Rb3 Qc6 12. Bb5 Qd5 13. Re1 d6 14. c4 Qf5 15. Re7 a6 16. Ba4 b5 17. cxb5 Nd5 18. Re2 axb5 19. Bxb5 Ba6 20. Qc2 Qxc2 21. Rxc2 Rfb8 22. Bc6 Rxb3 23. Bxa8 Rc3 24. Rxc3 Nxc3 25. Bf3 Nxa2 26. Bg5 c5 27. Bf4 cxd4 28. Bxd6 d3 29. Bf4 Nb4 30. Bd2 Nc2 31. Bd5 Bb5 32. f4 Na3 33. Kf2 Bc4 34. Be4 Nc2 35. g4 h6 36. h4 f6 37. f5 Nd4 38. Ke3 Nc2+ 39. Kf2 Nd4 40. Ke3 Nc2+ 1/2-1/2

[Event "4th Open A"]
[Site "Moscow RUS"]
[Date "2008.02.08"]
[Round "7"]
[White "Krapivin, A."]
[Black "Polschikov, A."]
[Result "1-0"]
[WhiteElo "2483"]
[BlackElo "2330"]
[PlyCount "51"]
[EventDate "2008.02.02"]
[Source "www.chesslib.no"]
[SourceDate "2004.05.04"]

1. e4 e5 2. Nf3 Nc6 3. Nc3 Nf6 4. d4 Bb4 5. Nxe5 Qe7 6. Nxc6 Qxe4+ 7. Be2 Qxc6 8. O-O Bxc3 9. Bf3 d5 10. Qe2+ Be6 11. bxc3 Qxc3 12. Bg5 O-O 13. Bxf6 gxf6 14. Rad1 Rfe8 15. Rd3 Qc4 16. Qd2 Qc6 17. c4 Qd6 18. c5 Qd7 19. Bd1 Bf5 20. Rg3+ Kh8 21. Qh6 Bg6 22. h4 Re4 23. h5 Rh4 24. Re3 Re8 25. Rfe1 Rhe4 26. hxg6 1-0

[Event "Asian Cities 13th"]
[Site "Aden"]
[Date "2002.02.08"]
[Round "2"]
[White "Singh, Gurpreetpal"]
[Black "Safin, Shukhrat"]
[Result "1/2-1/2"]
[WhiteElo "2284"]
[BlackElo "2528"]
[PlyCount "59"]
[EventDate "2002.02.07"]
[Source "ChessBase"]
[SourceDate "2002.03.14"]

1. e4 e5 2. Nf3 Nc6 3. Nc3 Nf6 4. d4 Bb4 5. Nxe5 Bxc3+ 6. bxc3 Qe7 7. Nxc6 Qxe4+ 8. Qe2 dxc6 9. Qxe4+ Nxe4 10. c4 Bf5 11. Be3 O-O-O 12. f3 Nd6 13. c5 Nb5 14. Bxb5 cxb5 15. Kd2 Rhe8 16. Rhe1 Re6 17. a3 Rg6 18. Re2 Ra6 19. Kc3 Re8 20. Ree1 Ra4 21. Kb2 Kd7 22. Bf2 Rxe1 23. Rxe1 b4 24. axb4 Rxb4+ 25. Kc3 Ra4 26. d5 Ra2 27. Re2 a5 28. Bd4 Ra3+ 29. Kb2 Ra4 30. Bxg7 1/2-1/2

[Event "Open"]
[Site "?"]
[Date "1998.03.24"]
[Round "4"]
[White "Sermek Drazen"]
[Black "Medancic Rikard"]
[Result "1-0"]
[WhiteElo "2510"]
[BlackElo "2300"]
[PlyCount "65"]
[EventDate "1998.??.??"]
[Source "www.chesslib.no"]
[SourceDate "2004.05.04"]

1. e4 e5 2. Nf3 Nc6 3. Nc3 Nf6 4. d4 Bb4 5. Nxe5 Qe7 6. Qd3 Nxe5 7. dxe5 Qxe5 8. Bd2 O-O 9. O-O-O d6 10. f4 Qe7 11. Re1 Bd7 12. Qg3 c6 13. Bd3 b5 14. Rhf1 Nh5 15. Qf3 Qh4 16. e5 f5 17. g3 Qg4 18. Qxg4 fxg4 19. e6 Bxc3 20. Bxc3 Bc8 21. Bb4 Re8 22. f5 d5 23. Bc3 a5 24. a3 b4 25. axb4 axb4 26. Bxb4 Nf6 27. Bc3 Ne4 28. Bxe4 dxe4 29. b3 g6 30. Rxe4 h5 31. Re5 gxf5 32. Rexf5 Bxe6 33. Rxh5 1-0

[Event "Chigorin mem-A 10th"]
[Site "?"]
[Date "2002.11.01"]
[Round "7"]
[White "Frolov Denis"]
[Black "Ovod Evgenija"]
[Result "0-1"]
[WhiteElo "2431"]
[BlackElo "2378"]
[PlyCount "90"]
[EventDate "2002.??.??"]
[Source "www.chesslib.no"]
[SourceDate "2004.05.04"]

1. e4 e5 2. Nf3 Nc6 3. Nc3 Nf6 4. d4 Bb4 5. Nxe5 Qe7 6. Nxc6 Qxe4+ 7. Be2 Bxc3+ 8. bxc3 Qxc6 9. O-O O-O 10. c4 d5 11. cxd5 Nxd5 12. Bd3 b5 13. a4 b4 14. Re1 Bb7 15. Qg4 Rae8 16. Bd2 Rxe1+ 17. Rxe1 g6 18. Bh6 f5 19. Qg3 Re8 20. Rxe8+ Qxe8 21. h3 Qxa4 22. Bxf5 Kf7 23. Be4 Qa1+ 24. Kh2 Qxd4 25. Bxd5+ Qxd5 26. Qxc7+ Ke6 27. Qg3 a5 28. f3 Kd7 29. Bf8 Kc6 30. Qe1 Qf5 31. Qe8+ Kb6 32. Qd8+ Kb5 33. Qe8+ Bc6 34. Qe2+ Ka4 35. Bd6 Qd5 36. Bf4 Bd7 37. Qe1 Bf5 38. Qe8+ Qd7 39. Qe2 Qc6 40. Qe1 Bxc2 41. Qa1+ Kb5 42. Qe5+ Qc5 43. Qe6 b3 44. Be3 Qc7+ 45. Kh1 b2 0-1

[Event "Biel Open"]
[Site "Biel SUI"]
[Date "1990.??.??"]
[Round "6"]
[White "Rasidovic, Sead"]
[Black "Pavlovic, Milos"]
[Result "1/2-1/2"]
[WhiteElo "2335"]
[BlackElo "2465"]
[PlyCount "28"]
[EventDate "1990.07.??"]
[Source "www.chesslib.no"]
[SourceDate "2004.05.04"]

1. e4 e5 2. Nf3 Nc6 3. Nc3 Nf6 4. d4 Bb4 5. Nxe5 Nxe4 6. Qg4 Nxc3 7. Qxg7 Rf8 8. a3 Nxd4 9. axb4 Nxc2+ 10. Kd2 Nxa1 11. Kxc3 Qe7 12. Bc4 d5 13. Bh6 dxc4 14. Rxa1 Be6 1/2-1/2

[Event "Bundesliga 8788"]
[Site "Germany"]
[Date "1988.??.??"]
[Round "?"]
[White "Reefschlaeger, Helmut"]
[Black "Hertneck, Gerald"]
[Result "1-0"]
[WhiteElo "2335"]
[BlackElo "2465"]
[PlyCount "101"]
[EventDate "1987.10.??"]
[Source "ChessBase"]
[SourceDate "1999.07.01"]

1. e4 e5 2. Nf3 Nc6 3. Nc3 Nf6 4. d4 Bb4 5. Nxe5 Qe7 6. Nxc6 Qxe4+ 7. Be2 Qxc6 8. O-O Bxc3 9. bxc3 Qxc3 10. Rb1 O-O 11. d5 Qa5 12. Rb5 Qa4 13. Bb2 d6 14. Bxf6 gxf6 15. Qd2 Bf5 16. Rb3 c5 17. Qh6 Bg6 18. h4 c4 19. Rg3 Qxc2 20. Bd1 Qe4 21. h5 Rae8 22. hxg6 fxg6 23. Rh3 Qe7 24. Ba4 Rd8 25. Re3 Qg7 26. Qxg7+ Kxg7 27. Rc1 Rc8 28. Rec3 Rf7 29. Rxc4 Rxc4 30. Rxc4 Re7 31. Kf1 f5 32. f4 Kf6 33. Kf2 g5 34. fxg5+ Kxg5 35. Rc8 Re4 36. Bb3 a5 37. Rg8+ Kf4 38. g3+ Ke5 39. Re8+ Kd4 40. Rb8 Re7 41. Ra8 b6 42. Rb8 Kc5 43. Rc8+ Kb4 44. Rc6 b5 45. Rxd6 a4 46. Bd1 Rb7 47. Rc6 Ka3 48. d6 Kxa2 49. Bc2 a3 50. Bxf5 Rf7 51. g4 1-0

[Event "ROM Team Ch"]
[Site "Romania"]
[Date "1994.??.??"]
[Round "?"]
[White "Istratescu, Andrei"]
[Black "Cozianu, Costin"]
[Result "1/2-1/2"]
[WhiteElo "2505"]
[BlackElo "2295"]
[PlyCount "51"]
[EventDate "1994.??.??"]
[Source "www.chesslib.no"]
[SourceDate "2004.05.04"]

1. e4 e5 2. Nf3 Nc6 3. Nc3 Nf6 4. d4 Bb4 5. Nxe5 O-O 6. Bd3 Nxd4 7. Be3 Ne6 8. O-O d6 9. Ng4 c6 10. f4 Bc5 11. Nxf6+ Qxf6 12. Qd2 Re8 13. Kh1 Bxe3 14. Qxe3 Nc5 15. Rae1 b6 16. e5 Qd8 17. Qf3 Nxd3 18. cxd3 dxe5 19. fxe5 Be6 20. Ne4 Bd5 21. Qf4 Qd7 22. Nd6 Re6 23. Nxf7 Rg6 24. Ng5 h6 25. Ne4 Bxa2 26. Rf3 1/2-1/2

[Event "Austria"]
[Site "?"]
[Date "2000.??.??"]
[Round "11"]
[White "Weinzettl Ernst"]
[Black "Wach Markus"]
[Result "1-0"]
[WhiteElo "2402"]
[BlackElo "2392"]
[PlyCount "117"]
[EventDate "2000.??.??"]
[Source "www.chesslib.no"]
[SourceDate "2004.05.04"]

1. e4 e5 2. Nf3 Nc6 3. Nc3 Nf6 4. d4 Bb4 5. Nxe5 Qe7 6. Nxc6 Qxe4+ 7. Be2 Qxc6 8. O-O Bxc3 9. bxc3 O-O 10. Bf3 d5 11. Qd3 Bg4 12. Bxg4 Nxg4 13. Bf4 Nf6 14. f3 Nd7 15. Rab1 Nb6 16. Rb5 Na4 17. Rb3 a6 18. Bd2 Rfe8 19. Rbb1 Re6 20. Rbe1 Nb2 21. Qf5 Rae8 22. Rxe6 Rxe6 23. Rb1 g6 24. Qg5 f6 25. Qg3 Nc4 26. Bf4 Re2 27. h4 b5 28. Re1 Qe6 29. Rxe2 Qxe2 30. Qg4 c6 31. Qc8+ Kf7 32. Kh2 Qe6 33. Qb7+ Ke8 34. Qxh7 Qf7 35. Qh8+ Qf8 36. Qh7 Qf7 37. Qh6 a5 38. Bg3 Kd7 39. Qf4 Ke6 40. Qb8 Qd7 41. Bf4 Na3 42. Qg8+ Qf7 43. Qd8 Nc4 44. g4 Qe7 45. Qg8+ Kd7 46. Kh3 Qe8 47. Qh7+ Ke6 48. h5 gxh5 49. gxh5 Nd6 50. Bxd6 Kxd6 51. Qf5 Qe1 52. Qxf6+ Kd7 53. Qg7+ Kc8 54. h6 Qh1+ 55. Kg3 Qg1+ 56. Kf4 Qh2+ 57. Kf5 Qh3+ 58. Ke5 Qxf3 59. Kd6 1-0

[Event "Petroff Mem Open"]
[Site "?"]
[Date "2000.02.16"]
[Round "9"]
[White "Potkin Vladimir"]
[Black "Ovod Evgenija"]
[Result "1-0"]
[WhiteElo "2471"]
[BlackElo "2318"]
[PlyCount "107"]
[EventDate "2000.??.??"]
[Source "www.chesslib.no"]
[SourceDate "2004.05.04"]

1. e4 e5 2. Nf3 Nc6 3. Nc3 Nf6 4. d4 Bb4 5. Nxe5 Bxc3+ 6. bxc3 Qe7 7. Bd3 Nxe5 8. dxe5 Qxe5 9. O-O O-O 10. Qe1 d6 11. f4 Qa5 12. e5 Ne8 13. Bd2 g6 14. c4 Qc5+ 15. Be3 Qc6 16. f5 dxe5 17. Bh6 Qc5+ 18. Kh1 Ng7 19. f6 Ne6 20. Bxf8 Kxf8 21. Qh4 h5 22. Rae1 Bd7 23. Qg3 Nf4 24. Qg5 Ne6 25. Qxe5 Qxe5 26. Rxe5 Re8 27. Rfe1 b6 28. Kg1 Rc8 29. Be4 Nc5 30. Re7 c6 31. Rd1 Be8 32. Bf3 a5 33. Ra7 a4 34. Rd6 Kg8 35. Kf2 Kh7 36. h4 Kh6 37. Re7 Kh7 38. Ra7 Kh6 39. Re7 Kh7 40. Ke3 Kg8 41. g4 hxg4 42. Bxg4 Rb8 43. Kf4 Kf8 44. h5 gxh5 45. Bxh5 Nb7 46. Rd1 Nc5 47. Bg4 Kg8 48. Rde1 Kf8 49. Rh1 Kg8 50. Re5 Ne6+ 51. Bxe6 fxe6 52. Rg5+ Kf8 53. Rh8+ Kf7 54. Ke5 1-0